All'ombra Delle Fanciulle In Fiore

Gardado en:
Detalles Bibliográficos
Autor Principal: Marcel Proust
Formato: Libro
Idioma:lingua descoñecida ou non válida
Publicado: Luigi Reverdito Editore
Tags: Engadir etiqueta
Sen Etiquetas, Sexa o primeiro en etiquetar este rexistro!

MARC

LEADER 00000nam a2200000Ia 4500
001 R-1494
003 CODICE-MESSINA
005 20260212102508.0
008 260211s9999 xx 000 0 und d
040 |c importazione_messina 
100 |a Marcel Proust 
245 0 |a All'ombra Delle Fanciulle In Fiore 
260 |b Luigi Reverdito Editore 
942 |2 ddc  |c BK 
952 |0 0  |1 0  |2 ddc  |4 0  |6 SCAFFALE_14_000000000000000__LETTERATURA  |7 0  |9 32331  |a ME  |b ME  |d 2026-02-11  |l 0  |o SCAFFALE 14 - LETTERATURA  |p R-1494  |r 2026-02-11 23:53:07  |w 2026-02-11  |x [REVISIONARE]  |y BK 
999 |c 27998  |d 27998